Statistics for The Beatles Songs Antonyms

Click here to take the quiz!

General Stats

  • This quiz has been taken 42 times
  • The average score is 9 of 15

Answer Stats

AntonymAnswer% Correct
Hate You Don'tLove Me Do
98%
To You From MeFrom Me To You
90%
Kind Mrs KetchupMean Mr Mustard
80%
The Short But Straight FieldThe Long and Winding Road
80%
Bad Night RainfallGood Day Sunshine
73%
It Will Be ShortIt Won't Be Long
71%
The Morning AfterThe Night Before
68%
That GirlThis Boy
68%
The Expert In The GroundThe Fool On The Hill
61%
My Father Shouldn't MisunderstandYour Mother Should Know
59%
Under The VoidAcross The Universe
44%
You're Sad Well To Sit Without MeI'm Happy Just To Dance With You
44%
Walk To My DeathRun For Your Life
41%
You Won't Lead The MoonI'll Follow The Sun
39%
ContinueWait
10%

Score Distribution

Percentile by Number Answered

Percent of People with Each Score

Your Score History

You have not taken this quiz